[Event "Stuttgarter Stadtmeisterschaft A-Turnie"]
[Site "Ditzingen"]
[Date "2009.05.24"]
[Round "7.61"]
[White "Viehoff, Jürgen"]
[Black "Schmitz, Stefan"]
[Result "1-0"]
[WhiteElo "1835"]
[BlackElo "1891"]
[PlyCount "81"]
[EventDate "2009.??.??"]

1. d4 Nf6 2. Nf3 c5 3. e3 d5 4. c3 e6 5. Bd3 Nc6 6. Nbd2 Bd6 7. O-O O-O 8. dxc5
Bxc5 9. e4 dxe4 10. Nxe4 Be7 11. Qe2 Qc7 12. Rd1 Ne5 13. Nxe5 Qxe5 14. Bg5 Nd5
15. Bxe7 Nxe7 16. Rd2 Bd7 17. Rad1 Bc6 18. f3 Nd5 19. Ng3 Qg5 20. Be4 Nf4 21.
Qe1 Rac8 22. Bxc6 Rxc6 23. Ne4 Qb5 24. Qe3 Qb6 25. Qxb6 Rxb6 26. c4 Ng6 27. b3
Ra6 28. Nc5 Rb6 29. Nd7 Rd8 30. Nxb6 Rxd2 31. Rxd2 axb6 32. Rd8+ Nf8 33. Rb8 g6
34. a4 Kg7 35. Rxb7 Kf6 36. Rxb6 Nd7 37. a5 Ke7 38. Rb7 Kd8 39. a6 Nc5 40. Rb8+
Kc7 41. a7 1-0

[Event "Stuttgarter Stadtmeisterschaft A-Turnie"]
[Site "Ditzingen"]
[Date "2009.05.24"]
[Round "7.62"]
[White "Podbicanin, Abaz"]
[Black "Adler, Alexander"]
[Result "0-1"]
[WhiteElo "1941"]
[BlackElo "1765"]
[PlyCount "54"]
[EventDate "2009.??.??"]

1. d4 d6 2. c4 Nf6 3. Nc3 g6 4. e4 Bg7 5. Bg5 O-O 6. Qd2 Re8 7. O-O-O Nbd7 8.
h3 e5 9. d5 Nc5 10. f3 Bd7 11. h4 a6 12. Qc2 b5 13. b4 Nb7 14. cxb5 axb5 15.
Nxb5 Qb8 16. Bxf6 Bxf6 17. Kb2 Nc5 18. Qc4 Qxb5 19. Qxb5 Bxb5 20. Bxb5 Reb8 21.
Bc6 Rxb4+ 22. Kc3 Rab8 23. g4 Rb2 24. Ra1 Rg2 25. g5 Be7 26. Nh3 Rbb2 27. h5
Rgc2# 0-1